| 000 | 00669 a2200193 4500 | ||
|---|---|---|---|
| 003 | Nust | ||
| 005 | 20170207154438.0 | ||
| 040 | _cNust | ||
| 082 | _a050 | ||
| 100 | _aMaj Gen Athar Abbas,HI(M) | ||
| 245 |
_aHilal May-2012 _cMaj Gen Athar Abbas,HI(M) |
||
| 250 | _a11, Volume 48 | ||
| 260 |
_aRawalpindi,Pakistan _bISPR Dte _cMay-2012 |
||
| 300 | _aEnglish-40 & Urdu-52 p; | ||
| 505 | _aSerious Notes (Page-5) Siachen Special (Page-15) Food for Thought (Page-23) Yaum-e-Shuhada (page-14) Economic Profile (page-29) Miscellanea (Page-31) News & Update (Page-32) | ||
| 538 | _aAlmirah Journals No.3 Shelf No.2 | ||
| 650 | _aQty-2 | ||
| 651 | _aPakistan Armed Forces Magazine | ||
| 942 | _cMAGS | ||
| 999 |
_c197720 _d197720 |
||